000
00319nam a2200121Ia 4500
005
20251222144659.0
008
251222s9999||||xx |||||||||||||| ||spa||
082
_a
370.115/P42
100
_a
Peñaloza Ramella, Walter
245
0
_a
Los Propósitos de la Educación
264
_b
Fondo Editorial San Marcos
942
_c
LIB
999
_c
17359
_d
17359